000
00316nam a22001457a 4500
008
211018b ||||| |||| 00| 0 eng d
020
_a
9781259675270
041
_a
eng
080
_a
611
082
_a
611
100
_a
7
101
_a
ANA
245
_a
Human Anatomy & Physiology
_c
Kinley,M.M
942
_2
udc
_c
BK
999
_c
58254
_d
58254